تقييم الأداء المالي للبنوك الاسلامية : دراسة حالتي البنك الاردني وبنك الإسلامي الأردني وبنك البركة الإسلامي للفترة (1998- 2003) = Evaluation of the financial perfomance of Islamic banks : a case study of Jordan Islamic Banks and Barka Islamic Bank (1992-2003) /
Saved in:
| 主要作者: | |
|---|---|
| 其他作者: | |
| 格式: | Thesis |
| 语言: | Arabic |
| 出版: |
Mafraq :
Jami'at Al al-Bayt,
2006
|
| 主题: | |
| 标签: |
添加标签
没有标签, 成为第一个标记此记录!
|
| LEADER | 018210000a22003250004500 | ||
|---|---|---|---|
| 001 | 488836 | ||
| 005 | 20100420124100.0 | ||
| 008 | jo | ||
| 035 | |a (Sirsi) 488836 | ||
| 040 | |a UIAM |b eng | ||
| 041 | |a ara | ||
| 050 | 0 | |a HG3261.A8B35 | |
| 100 | 1 | |a سعيد، بنان محمد | |
| 242 | 1 | 0 | |a Taqyim al-ada' al-mali lil-bunuk al-Islamiyah : |c dirasah halatay al-Bank al-Islami al-Urduni wa-Bank al-Barakah al-Islami lil-fatrah (1992-2003) |
| 245 | 1 | 0 | |a تقييم الأداء المالي للبنوك الاسلامية : |b دراسة حالتي البنك الاردني وبنك الإسلامي الأردني وبنك البركة الإسلامي للفترة (1998- 2003) = Evaluation of the financial perfomance of Islamic banks : a case study of Jordan Islamic Banks and Barka Islamic Bank (1992-2003) / |c بنان محمد سعيد |
| 260 | |a Mafraq : |b Jami'at Al al-Bayt, |c 2006 | ||
| 300 | |a 115 leaves ; |c 30 cm. | ||
| 500 | |a "قدةت هذه الرسالة استكمالا لمطلبات الحصول على درجة الماجستير في التمويل المصارف في كلية ادارة المال والأعمال في جامعة ال البيت "On t.p. | ||
| 500 | |a Abstract in English. | ||
| 502 | |a Thesis (M.A.)--Jami'at Al al-Bayt, 2006 | ||
| 596 | |a 1 | ||
| 610 | 2 | 0 | |a Bank al-Islami al-Urduni |x Evaluation |
| 610 | 2 | 0 | |a Bank al-Barakah al-Islamiyah |x Evaluation |
| 650 | 0 | |a Banks and banking |z Jordan | |
| 650 | 0 | |a Banks and banking, Islamic | |
| 655 | |a Theses, Facsimile edition (Islamic) | ||
| 700 | |a Sa'id, Bannan Muhammad | ||
| 900 | |a sz-ami-nbm | ||
| 999 | |c 432556 |d 464421 | ||
| 952 | |0 0 |6 TI HG 3261 A8 B35 S132T 2006 |7 0 |8 THESES |9 751723 |a IIUM |b IIUM |c MULTIMEDIA |g 320.00 |o ti HG 3261 A8 B35 S132T 2006 |p 00011170435 |r 2017-10-23 |t 1 |v 320.00 |y THESIS | ||
